Начертательная геометрия: учебник для вузов

গ্রন্থ-পঞ্জীর বিবরন
অন্যান্য লেখক: Крылов Н. Н. Николай Николаевич (редактор), Иконникова Г. С. Галина Сергеевна, Николаев В. Л. Виктор Леонидович, Васильев В. Е. Виктор Евгеньевич
সংক্ষিপ্ত:Учебник отличается от аналогичных изданий большим вниманием к современным способам формирования, задания и изображения поверхностей. Графическая информация о многих геометрических фигурах дополнена их уравнениями в векторной форме, позволяющими получать необходимые числовые характеристики о строении линий и поверхностей. Приведенные примеры иллюстрируют технологию решения конкретных задач начертательной геометрии с использованием систем машинной графики. Для студентов строительных специальностей вузов.
ভাষা:রুশ
প্রকাশিত: Москва, Высшая школа, 2006
সংস্করন:9-е изд., стер.
বিষয়গুলি:
বিন্যাস: গ্রন্থ
KOHA link:https://koha.lib.tpu.ru/cgi-bin/koha/opac-detail.pl?biblionumber=117225

MARC

LEADER 00000nam0a2200000 4500
001 117225
005 20231031123609.0
010 |a 5060043193 
035 |a (RuTPU)RU\TPU\book\126883 
035 |a RU\TPU\book\25697 
090 |a 117225 
100 |a 20070531d2006 m y0rusy50 ca 
101 0 |a rus 
102 |a RU 
105 |a a j 001zy 
200 1 |a Начертательная геометрия  |e учебник для вузов  |f Н. Н. Крылов [и др.]  |g под ред. Н. Н. Крылова 
205 |a 9-е изд., стер. 
210 |a Москва  |c Высшая школа  |d 2006 
215 |a 224 с.  |c ил. 
320 |a Список литературы: с. 222. 
330 |a Учебник отличается от аналогичных изданий большим вниманием к современным способам формирования, задания и изображения поверхностей. Графическая информация о многих геометрических фигурах дополнена их уравнениями в векторной форме, позволяющими получать необходимые числовые характеристики о строении линий и поверхностей. Приведенные примеры иллюстрируют технологию решения конкретных задач начертательной геометрии с использованием систем машинной графики. Для студентов строительных специальностей вузов. 
451 1 |0 (RuTPU)RU\TPU\book\25697  |y 5-06-003651-0  |t Начертательная геометрия  |o учебник для вузов  |f Н. Н. Крылов, Г. С. Иконникова, В. Л. Николаев, В. Е. Васильев  |e 7-е изд., перераб. и доп.  |c М.  |n Высшая школа  |d 2000  |p 224 с. 
610 1 |a математика 
610 1 |a начертательная геометрия 
610 1 |a ортогональные проекции 
610 1 |a аксонометрические проекции 
610 1 |a перспектива 
610 1 |a проекции с числовыми отметками 
610 1 |a аксонометрия 
610 1 |a графические задачи 
610 1 |a автоматизация 
610 1 |a решения 
610 1 |a учебные пособия 
675 |a 514.18(075.8)  |v 3 
701 1 |a Крылов  |b Н. Н.  |g Николай Николаевич 
701 1 |a Иконникова  |b Г. С.  |g Галина Сергеевна 
701 1 |a Николаев  |b В. Л.  |g Виктор Леонидович 
701 1 |a Васильев  |b В. Е.  |g Виктор Евгеньевич 
702 1 |a Крылов  |b Н. Н.  |g Николай Николаевич  |4 340 
801 0 |a RU  |b 63413507  |c 20011209  |g PSBO 
801 2 |a RU  |b 63413507  |c 20120313  |g PSBO 
900 |a Начертательная геометрия, инженерная графика 
900 |a Начертательная геометрия 
900 |a Теория теней и перспектив 
900 |a Перспектива 
942 |c BK 
952 |a 550100